Colored Symbol Selection II Quiz Stats

 Plays Quiz Updated Dec 31, 2017

Support Sporcle.
Go Orange.
Score 0/68 Timer 01:00
1 Play Today
% Correct
???
90.9%
???
88.1%
???
87.3%
???
84.4%
???
82.8%
???
80.9%
???
80.9%
???
79.1%
???
78.3%
???
78.1%
???
77.7%
???
77.4%
???
76.1%
???
75.9%
???
75%
???
71.8%
???
71.6%
???
71.4%
???
71.2%
???
70.8%
???
69.3%
???
69.1%
???
67.9%
???
67.1%
???
65.4%
???
65.3%
???
64.9%
???
64.3%
???
63.9%
???
61.4%
???
61.2%
???
60.5%
???
58.7%
???
58.6%
% Correct
???
58%
???
57.4%
???
57%
???
56.2%
???
56.2%
???
56%
???
56%
???
55.3%
???
54.9%
???
54.5%
???
54.5%
???
54.2%
???
54.2%
???
53.7%
???
53.3%
???
52%
???
51.8%
???
51.4%
???
50.9%
???
50.6%
???
49.7%
???
48.5%
???
48.5%
???
46.9%
???
46.7%
???
45.9%
???
45.8%
???
45.6%
???
45.6%
???
44.6%
???
44.3%
???
44%
???
43.7%
???
43.2%

You're not logged in!

Compare scores with friends on all Sporcle quizzes.
OR
Log In

From the Vault

Scrabble Tile Frequency

by Kicking222

What's the frequency, Scrabble?
Remove Ads.
Support Sporcle.
Get the best of Sporcle when you Go Orange. This ad-free experience offers more features, more stats, and more fun while also helping to support Sporcle. Thank you for becoming a member.

Show Comments

Extras

Top Quizzes Today


Score Distribution

Your Account Isn't Verified!

In order to create a playlist on Sporcle, you need to verify the email address you used during registration. Go to your Sporcle Settings to finish the process.

Report this User

Report this user for behavior that violates our Community Guidelines.

Details: